| 000 | 00724nam a22002297a 4500 | ||
|---|---|---|---|
| 003 | OSt | ||
| 005 | 20260530113916.0 | ||
| 008 | 260508b2010 it ||||| |||| 00| 0 ita d | ||
| 040 |
_aICI _bspa _cICI _erda |
||
| 041 | _aita | ||
| 050 |
_aTS2250 _b.E45 2010 |
||
| 245 | 1 | 0 | _aElica aria nuova. |
| 260 |
_aItalia : _bElica, _c2010. |
||
| 300 |
_a80 páginas : _bilustraciones a color ; _c30 cm. |
||
| 500 | _aRegistro catalográfico provisional elaborado con información incompleta. | ||
| 650 | 4 |
_aDiseño industrial. _915218 |
|
| 650 | 4 |
_aElectrodomésticos _xDiseño. _934146 |
|
| 650 | 4 |
_aCocinas _xEquipamiento. _934147 |
|
| 650 | 4 |
_aCampanas extractoras. _934148 |
|
| 650 | 4 |
_aDiseño italiano. _934149 |
|
| 942 |
_2lcc _cBK _n1 |
||
| 999 |
_c12304 _d12304 |
||